| 000 | 00643nam a22001931a 4500 | ||
|---|---|---|---|
| 001 | 1917 | ||
| 003 | OSt | ||
| 005 | 20260204211752.0 | ||
| 008 | 040122s2000||||dr ||||||b||||||||||spa|| | ||
| 050 | _a909.9324 L881h | ||
| 082 | _a909.9324 L881h | ||
| 100 | _aLopez Reyes, Oscar | ||
| 245 | _aHistoria de la Cultura de Barahona: costumbre, arte y literatura / Oscar Lopez Reyes | ||
| 264 | _aSanto Domingo : Comision Presidencial de Apoyo al Desarrollo Provincial | ||
| 300 | _a149 p. (Coleccion provincias No.13) | ||
| 500 | _aIncluye bibliografía | ||
| 650 | _a1.Historia de la Cultura - Barahona 2.Provincia BarahonaÌ | ||
| 942 |
_2ddc _cBK |
||
| 999 |
_c1917 _d1917 |
||